00690nam a2200157 i 4500001000700000003000900007005001700016008004100033040003000074100002900104245010300133260005800236300004400294650003800338852015600376161417ES-MaACL20230906212300.0010307s1880 sp e |||| | spa d aCCPB | B bspa cCCPB | B1 aPardo y Jimeno, Pascual.10aProyecto de traida de agua de La Alcoraya a Alicante b: año 1880 /cpor Pascual Pardo y Jimeno. aAlicante : b[s.n., c1880?] (fImp. de Antonio Reus) a28 p., [1] h. de plan. pleg. ; c21 cm. 4aAgua-xAbastecimiento-zAlicante. aES-MaACLjT-419-F-15 z-- Enc. hol. q-- Falto de la cub. originalz-- Enc. en un vol. facticio x-- Edic.: añadir en T260 (Imprenta de Antonio Reus)